My country ; (Record no. 16721)

000 -LEADER
fixed length control field 00690cam a22002297a 4500
020 ## - INTERNATIONAL STANDARD BOOK NUMBER
ISBN 0701819278 (set)
020 ## - INTERNATIONAL STANDARD BOOK NUMBER
ISBN 9780701819279 (set)
020 ## - INTERNATIONAL STANDARD BOOK NUMBER
ISBN 0701819251 (v. 1)
020 ## - INTERNATIONAL STANDARD BOOK NUMBER
ISBN 9780701819255 (v. 1)
020 ## - INTERNATIONAL STANDARD BOOK NUMBER
ISBN 070181926X (v. 2)
020 ## - INTERNATIONAL STANDARD BOOK NUMBER
ISBN 9780701819262 (v. 2)
040 ## - CATALOGING SOURCE
Transcribing agency ORU
082 04 - DEWEY DECIMAL CLASSIFICATION NUMBER
Classification number 823 LAN 1985 A120 Or.
082 04 - DEWEY DECIMAL CLASSIFICATION NUMBER
Classification number A821/.008
245 00 - TITLE STATEMENT
Title My country ;
Remainder of title Australian poetry and short stories : two hundred years /
260 ## - PUBLICATION, DISTRIBUTION, ETC. (IMPRINT)
Place of publication Sydney ;
-- New York :
Name of publisher Lansdowne Press,
Year of publication 1985.
300 ## - PHYSICAL DESCRIPTION
Number of Pages 2 v. :
Other physical details ill., plates ;
Dimensions 25 cm.
650 #0 - SUBJECT ADDED ENTRY--TOPICAL TERM
Topical Term Australian poetry.
650 #0 - SUBJECT ADDED ENTRY--TOPICAL TERM
Topical Term Short stories, Australian.
710 1# - ADDED ENTRY--CORPORATE NAME
Corporate name or jurisdiction name as entry element Kramer, Leonie Judith Gibson.
942 ## - ADDED ENTRY ELEMENTS (KOHA)
Koha item type សៀវភៅភាសាអង់គ្លេស
952 ## - LOCATION AND ITEM INFORMATION (KOHA)
Withdrawn status [LOCAL, KOHA] 0
Holdings
Permanent Location Date acquired Koha item type Lost status Shelving location Barcode Current Location Full call number
Library Block A2018-03-30សៀវភៅភាសាអង់គ្លេស A110A17735Library Block A823 LAN 1985 A110 Or.
មជ្ឈមណ្ឌលឯការនៃសាកលវិទ្យាល័យភូមិន្ទកសិកម្មចំការដូង

Powered by Koha